Quizzes
Events
Quiz Creation
Community
Videos
Private Events
Remove Ads
Sign In
Join for FREE
Feedback
Dark Mode
Quiz Categories
Sports
Geography
Music
Movies
Television
Just For Fun
Miscellaneous
History
Literature
Language
Science
Gaming
Entertainment
Religion
Holiday
For Kids
Quiz Lab
Recent
Popular Today
Quiz Kudos Today
Editor Picks
Curator Picks
Quizzes by...
Day
Popularity
Type
Ratings
Length
Year
Community
Subscriptions
Recent Discussions
Orange Saloon
Badges
Playlists
Quests
Create
Leaderboards
Showdown
Live 5
Trivia Bingo
Activity
Puzzle Library
Sporcle Events
Private Events
Virtual Trivia
Globe League
Become a Host
Pub Owners
SporcleCon
Opinionation
Our Games
Videos
Blog
Mobile Apps
Partnerships
Remove Ads and Go Orange
Feedback
Entertainment
Celebrity
Famous
Musical
Broadway
Show
Quote
Comic Books
Anime
Superhero
DC Comics
Marvel
Cartoons
Animation
Entertainment
Celebrity
Famous
Musical
Broadway
Show
Quote
Comic Books
Anime
Superhero
DC Comics
Marvel
Cartoons
Animation
Random Quiz
Search Sporcle
×
Quiz Lab
Quiz Lab
Entertainment
Netherlands
Type in answers that appear in a list
Type in answers that appear in a list
Classic
Best Score? Go Orange.
All the buildings on the UT, Twente Stats
Can you name the Can you name all the buildings on the UT?
By
Don_Dijkstra
10m
52 Questions
79 Plays
79 Plays
79 Plays
Comments
Comments
Give Quiz Kudos
Give Quiz Kudos
-
- Ratings
hide this ad
Replay
Link that replays current quiz
Next Quiz
Link to next quiz in quiz playlist
You Got
0%
They Got
Avg Score
35%
Avg Friend Score
Upgrade to see
Score Distribution
Jump to the score distribution portion of the page
Score
0/52
Timer
10:00
0
Plays Today
gebouwnummer
Gebouwnaam
% Correct
2
Spiegel
85.7%
12
Waaier
83.1%
20
Horsttoren
81.8%
22
Westhorst
81.8%
24
Noordhorst
81.8%
28
Zuidhorst
81.8%
11
Zilverling
80.5%
26
Oosthorst
80.5%
48
Bastille
77.9%
10
Ravelijn
76.6%
41
Cubicus
70.1%
47
Vrijhof
70.1%
49
Sportcentrum
70.1%
1
Charlie
62.3%
9
Citadel
62.3%
17
Langezijds
57.1%
21
Horstring
55.8%
45
Hogekamp
54.5%
62
Boerderij
49.4%
27
Meander
45.5%
57
Zwembad
36.4%
23
Kleinhorst
29.9%
5
Hogedruklab
28.6%
3
Vleugel
26%
60
Vlinder
24.7%
42
Faculty Club
23.4%
gebouwnummer
Gebouwnaam
% Correct
6
Paviljoen
22.1%
14
Teehuis
20.8%
19
Temp
16.9%
44
Drienerburght
16.9%
8
Garage
15.6%
65
Logica
15.6%
7
Seinhuis
14.3%
40
Erve Holzik
14.3%
64
Tennispark
14.3%
67
Capitool
14.3%
18
AKI
13%
13
Matrix
11.7%
63
Blokhutten
9.1%
55
Winkelcentrum
7.8%
56
Amfitheater
6.5%
31
Windpark
5.2%
32
Biomagnetisch centrum
5.2%
43
Schuur
5.2%
61
Medisch centrum
5.2%
58
Sleutel
3.9%
69
Institutenweg 1
3.9%
30
afvalstoffendepot
2.6%
46
Cleanrooms
2.6%
59
Mondriaan
2.6%
66
BTC
2.6%
68
B&S-park
0%
Quiz Playlist
Details
Report
Send in Message
Add To Playlist
Classic:
Type in answers that appear in a list
Last Updated: Feb 16, 2017
Quiz Scoreboard
CHALLENGE
Sign Up to Join the Scoreboard
Show All
Scores
Hide
Comments
May contain spoilers
Recently Published
An Introduction to Baseball
by treessimontrees
Sports
5m
Movies - When Are They Set?
by FPL_Elf
Movies
5m
Popular People in 1961
by mucciniale
History
6m
More to Explore
Quiz From the Vault
Featured Blog Post
Where Did the Easter Bunny Come From?
hide this ad
You Might Also Like...
Tags
Building
Netherlands
Today's Top Quizzes in Entertainment
Browse Entertainment
hide this ad
Today's Top Quizzes in Netherlands
Browse Netherlands
Top Contributed Quizzes in Entertainment
1
Kamen Rider Motifs
2
Dragon Ball Z: Goku's Fights in Order
3
Dragon Ball Z: Mega Character Search
4
Marvel Characters Bunker
5
Criteria Quickie: Cartoon Taxonomy II
6
One Piece Arcs By Order III
7
Fictional Villains Letter U Blitz
8
Ana Gasteyer or Kathryn Hahn?
9
One Thing in Common: Fictional Characters
10
Dragon Ball Z: Super Saiyans in Order
Explore More
Trending Topics
Crossword
Kpop
Marvel
Disney
Anime
Harry Potter
NBA
Country
Pokémon
WWE
Soccer
Song
Puzzle
The Office
NFL
hide this ad
More By:
Don_Dijkstra
Quiz
Plays
Rating
Category
Featured
Created
Televisiezenders in Nederland
1,744
2.00
Television
Dec 11, 2009
All the buildings on the UT, Twente
79
Entertainment
Dec 9, 2009
Go to Creator's Profile
Score Distribution
Quiz Creator Spotlight
Don_Dijkstra
Follow
Send a Message
Quizzes Created
-
Created Quiz Play Count
-
More By This Creator
Popular Quizzes Today
1
Find the Countries of Europe - No Outlines Minefield
2
Find the US States - No Outlines Minefield
3
The Countries of the World
4
Popular People in 1961
5
US States
6
1-10 Letter E Words III
7
Find the US States
8
One Thing in Common: World Cities II
More Entertainment Quizzes
Fictional Names in Other Words
Published
Trending Quizzes
Risky Map Clicking: Least Populous States A-Z
1-10 Letter F Words
1-10 Letter G Words
One Thing in Common: United Kingdom
Risky Map Clicking: Next State Alphabetically
Recently Updated
Leaping Animals
pecheneg
Reality TV Shows (A-Z)
bhenderson79
Rickey Henderson's Hall of Fame Teammates
pecheneg
Champions League XIs: Arsenal
pecheneg
Quick Pick: Celebrities in WWE's Hall of Fame
aduchscher
A-Z Keypad Blitz II
pecheneg
Multiple Oscar Actors
pecheneg
Mystery Phrase Blitz: Oscar 'Best Actors'
pecheneg
F. Scott Fitzgerald Novels
LTH
Pick 3 Villains
ddd62291
Trending Topics
Disney
Harry Potter
Kpop
Anime
Crossword
NBA
Marvel
Pokémon
Song
Puzzle
WWE
NFL
Soccer
Country
The Office
Your Account Isn't Verified!
In order to create a playlist on Sporcle, you need to verify the email address you used during registration. Go to your
Sporcle Settings
to finish the process.
Report this User
Report this user for behavior that violates our
Community Guidelines
.
Details:
Send Report
Go to the Sporcle.com Mobile Site →
Comments